000 00701nam a2200193 a 4500
003 0
005 20250516100729.0
008 030519s19uu xx 00 eng d
050 _aPHS HV 1441
_b.G39 2003
100 _aGaya, Carlo.
245 _aA Comparative study on the well-being of the youth as perceived by the youth on fire and Non-YOF group /
_cCarlo Gaya.
260 _aLas PiƱas City, Philippines :
_bSouthville International School and Colleges,
_c2003.
300 _a68 pages :
_billustrations ;
_c28 cm.
504 _aIncludes bibliographical references.
650 _aYouth
_xPsychology.
650 _aYouth
_xReligious life.
650 _aYouth
_xSocial conditions.
942 _2lcc
_cPASS
999 _c96784
_d96784